All UEFA Women's Champions League Teams Ever - Statistics

General Stats
  • This quiz has been taken 12 times
  • The average score is 30 of 117
Answer Stats
Country Club % Correct
England Arsenal
89%
Germany Bayern Munich
89%
England Chelsea
89%
Germany Eintracht Frankfurt
89%
England Manchester City
89%
Germany VfL Wolfsburg
89%
Spain Barcelona
78%
Cyprus Barcelona FA
78%
Italy Roma
78%
Netherlands Ajax
67%
Italy Juventus
67%
France Olympique Lyonnais
67%
France Paris Saint-Germain
67%
Spain Real Madrid
67%
Sweden Rosengård
56%
Austria St. Pölten
56%
Spain Athletic Bilbao
44%
Spain Atlético Madrid
44%
Portugal Benfica
44%
England Liverpool
44%
France Paris FC
44%
Netherlands PSV Eindhoven
44%
Germany Turbine Potsdam
44%
Norway Vålerenga
44%
England Birmingham City
33%
Norway Brann
33%
Scotland Celtic
33%
Germany Duisburg
33%
Scotland Glasgow City
33%
Sweden Häcken
33%
Netherlands Twente
33%
Sweden Umeå
33%
Switzerland Zürich
33%
England Bristol City
22%
Denmark Brøndby
22%
England Everton
22%
Sweden Hammarby
22%
Denmark Køge
22%
Sweden Linköping
22%
Belarus Minsk
22%
France Montpellier
22%
Austria Neulengbach
22%
Spain Rayo Vallecano
22%
Czech Republic Sparta Prague
22%
Belgium Standard Liège
22%
Austria Sturm Graz
22%
Sweden Tyresö
22%
Iceland Valur
22%
Albania Vllaznia
22%
Switzerland Young Boys
22%
Netherlands ADO Den Haag
11%
Finland Åland United
11%
Belgium Anderlecht
11%
Cyprus Apollon Limassol
11%
Portugal Atlético Ouriense
11%
Norway Avaldsnes
11%
Netherlands AZ Alkmaar
11%
Belarus Bobruichanka Bobruisk
11%
Portugal Braga
11%
Iceland Breiðablik
11%
Italy Brescia
11%
Russia Chertanovo Moscow
11%
Kazakhstan CSHVSM
11%
Belarus Energetik-BGU Minsk
11%
Russia Energy Voronezh
11%
Sweden Eskilstuna
11%
Italy Fiorentina
11%
Denmark Fortuna Hjørring
11%
Turkey Galatasaray
11%
Lithuania Gintra
11%
Poland Górnik Łęczna
11%
Georgia Guria Lanchkhuti
11%
Italy Hellas Verona
11%
Scotland Hibernian
11%
Finland Honka
11%
Hungary Hungária
11%
Turkey Konak Belediyespor
11%
Slovenia Krka
11%
Ukraine Lehenda Chernihiv
11%
Norway LSK Kvinner
11%
Switzerland Lugano
11%
Serbia Mašinac Niš
11%
Poland Medyk Konin
11%
Ukraine Metalist Kharkiv
11%
Kosovo Mitrovica
11%
Romania Olimpia Cluj
11%
Sweden Örebro
11%
Croatia Osijek
11%
Greece PAOK
11%
Estonia Pärnu
11%
Republic of Ireland Peamount United
11%
Sweden Piteå
11%
Finland PK-35 Vantaa
11%
Slovenia Pomurje
11%
Republic of Ireland Raheny United
11%
Norway Røa
11%
Russia Rossiyanka
11%
Poland RTP Unia Racibórz
11%
Russia Ryazan-VDV
11%
Switzerland Servette Chênois
11%
Bosnia and Herzegovina SFK Sarajevo
11%
Kazakhstan Shymkent
11%
Belgium Sint-Truidense
11%
Czech Republic Slavia Prague
11%
Serbia Spartak Subotica
11%
Norway Stabæk
11%
Iceland Stjarnan
11%
Italy Tavagnacco
11%
Israel Tel Aviv University
11%
Iceland Þór/KA
11%
Italy Torres
11%
Germany TSG Hoffenheim
11%
Belarus Universitet Vitebsk
11%
Hungary Viktória
11%
Ukraine Vorskla Poltava
11%
Russia Zorky Krasnogorsk
11%
Russia Zvezda Perm
11%
No matching quizzes found
Score Distribution
Percent of People with Each Score
Percentile by Number Answered
Your Score History
You have not taken this quiz